| 000 | 00896nam a22002297a 4500 | ||
|---|---|---|---|
| 999 |
_c370905 _d370905 |
||
| 008 | 201130b ||||| |||| 00| 0 eng d | ||
| 040 |
_bger _cDE-2950 _erda _aDE-2950 |
||
| 041 | _ager | ||
| 100 | _aWaldmann Nancy: | ||
| 245 |
_a"Wir Städte müssen unser Europa zusammenschweißen". _bInterview: Die mit dem Viadrina-Preis ausgezeichnete Danziger Bürgermeisterin Aleksandra Dulkiewicz sieht Städtebündnisse heute in einer entscheidenden Rolle./ _cWaldmann Nancy |
||
| 264 | _c2021 | ||
| 653 | _aFrankfurt (Oder) | ||
| 653 | _aStädtebündnis | ||
| 653 | _aViadrina-Preis | ||
| 653 | _aDulkiewicz, Aleksandra 1979- | ||
| 653 | _aEuropa | ||
| 773 |
_dFrankfurt (Oder): Märkisches Verlags- und Druckhaus GmbH & Co KG _g32. Jahrgang (2021) Nr. 233 vom 06.10.2021, S. 15 _tMärkische Oderzeitung |
||
| 942 | _cA | ||